Introduction to linear algebra / (Record no. 20617)
[ view plain ]
| 000 -LEADER | |
|---|---|
| fixed length control field | 01135nam a22003615a 4500 |
| 001 - CONTROL NUMBER | |
| control field | 007356568 |
| 005 - DATE AND TIME OF LATEST TRANSACTION | |
| control field | 20240818093002.0 |
| 008 - FIXED-LENGTH DATA ELEMENTS--GENERAL INFORMATION | |
| fixed length control field | 980518t1998 enka fr 001 ||eng |
| 010 ## - | |
| -- | 97014027 |
| 015 ## - | |
| -- | GB97X0442 |
| -- | bnb |
| 020 ## - INTERNATIONAL STANDARD BOOK NUMBER | |
| International Standard Book Number | 0201824167 |
| 020 ## - INTERNATIONAL STANDARD BOOK NUMBER | |
| International Standard Book Number | 9780201824162 |
| 039 0# - | |
| -- | 2491 |
| 040 ## - CATALOGING SOURCE | |
| Original cataloging agency | EG-ScBUE |
| Language of cataloging | eng |
| Transcribing agency | EG-ScBUE |
| 082 04 - DEWEY DECIMAL CLASSIFICATION NUMBER | |
| Classification number | 512.5 |
| Item number | JOH |
| Edition number | 21 |
| 100 1# - MAIN ENTRY--PERSONAL NAME | |
| Personal name | Johnson, Lee W. |
| 245 10 - TITLE STATEMENT | |
| Title | Introduction to linear algebra / |
| Statement of responsibility, etc | Lee W. Johnson, R. Dean Riess, Jimmy T. Arnold. |
| 250 ## - EDITION STATEMENT | |
| Edition statement | 4th ed. |
| 260 ## - | |
| -- | Reading, Massachusetts. ; |
| -- | Harlow : |
| -- | Addison-Wesley, |
| -- | c. 1998. |
| 300 ## - PHYSICAL DESCRIPTION | |
| Extent | p. : |
| Other physical details | ill. (some col.) ; |
| Dimensions | 24 cm. |
| 336 ## - CONTENT TYPE | |
| Source | rdacontent |
| Content type term | text |
| Content type code | txt |
| 337 ## - MEDIA TYPE | |
| Media type term | unmediated |
| Source | rdamedia |
| Media type code | n |
| 338 ## - CARRIER TYPE | |
| Carrier type term | volume |
| Carrier type code | nc |
| Source | rdacarrier |
| 500 ## - GENERAL NOTE | |
| General note | Includes index. |
| 590 ## - LOCAL NOTE (RLIN) | |
| Local note | Mohamed Hussein |
| 650 #0 - SUBJECT ADDED ENTRY--TOPICAL TERM | |
| Topical term or geographic name as entry element | Algebras, Linear. |
| Source of heading or term | BUEsh |
| 651 ## - SUBJECT ADDED ENTRY--GEOGRAPHIC NAME | |
| Source of heading or term | BUEsh |
| 653 ## - INDEX TERM--UNCONTROLLED | |
| Resource For college | Engineering, Mechanical |
| -- | Engineering, Electrical |
| Arrived date list | August2015 |
| 700 1# - ADDED ENTRY--PERSONAL NAME | |
| Personal name | Riess, R. Dean |
| Fuller form of name | (Ronald Dean), |
| Dates associated with a name | 1940- |
| 700 1# - ADDED ENTRY--PERSONAL NAME | |
| Personal name | Arnold, Jimmy T. |
| Fuller form of name | (Jimmy Thomas), |
| Dates associated with a name | 1941- |
| 942 ## - ADDED ENTRY ELEMENTS (KOHA) | |
| Source of classification or shelving scheme | Dewey Decimal Classification |
| Classification part | RDA-MOD |
| Withdrawn status | Lost status | Source of classification or shelving scheme | Damaged status | Not for loan | Home library | Current library | Shelving location | Date acquired | Source of acquisition | Total Checkouts | Total Renewals | Full call number | Barcode | Date last seen | Date checked out | Koha item type |
|---|---|---|---|---|---|---|---|---|---|---|---|---|---|---|---|---|
| Dewey Decimal Classification | Central Library | Central Library | First floor | 19/08/2015 | Purchase | 2 | 37 | 512.5 JOH | 000005247 | 02/10/2025 | 09/10/2024 | Book - Borrowing |